Responses for Show #9125 - Friday, June 14, 2024

Adriana Harmeyer game 13.

Contestants

[<< previous game]

Kaitlin Tarr, an aspiring ceramicist from Denver, Colorado

Susan Ayoob, a content strategist from San Francisco, California

Adriana Harmeyer, an archivist from West Lafayette, Indiana (whose 12-day cash winnings total $278,500)

[next game >>]

Jeopardy! Round responses

1824
SETTING PRETTY
THAT'S A FACT
RHYMING PHRASES
JEN
TONIC
    $200 22
Liberia

Kaitlin
    $200 12
the moors

Kaitlin
    $200 17
snake eyes

Kaitlin
    $200 1
a booze cruise

Kaitlin
    $200 6
Jennifer Lopez

Adriana
    $200 30
Bombay

Kaitlin
    $400 23
(Kaitlin: Who is Mozart?)
...
(Ken: It's [*]--[*]'s Ninth.)

Beethoven

Kaitlin
Triple Stumper
    $400 13
Arden

Adriana
    $400 18
a raven

Kaitlin
    $400 2
even Steven

Adriana
    $400 7
Hudson

Adriana
    $400 11
myrrh

Adriana
    $600 24
the Bureau of Indian Affairs

Susan
    $1,000 14
(Ken: Memphis, Egypt, yes.)

Aida

Adriana
    $600 19
Lewis & Clark

Kaitlin
    $600 3
pub grub

Triple Stumper
    $600 8
Aniston

Susan
    $600 27
chamomile

Kaitlin
    $800 25
BolĂ­var

Adriana
    $800 15
Swan Lake

Adriana
    $800 20
Dred Scott

Adriana
    $800 4
the highways & byways

Susan
    $800 9
Jennifer Coolidge

Kaitlin
    $800 28
a cordial

Kaitlin
    $1000 26
(Adriana: What are Jacksonville and Pensacola?)

Pensacola & St. Augustine

Adriana
Triple Stumper
    $1000 16
(Ken: In Lost Horizon, right.)

Shangri-La

Adriana
    $1000 21
Amish

Adriana
    $1000 5
no muss, no fuss

Triple Stumper
    $1000 10
(Jen) Psaki

Susan
    $1000 29
balsam

Adriana

Scores at the first commercial break (after clue 14):

Adriana Susan Kaitlin
$2,800 $2,400 $1,200

Scores at the end of the Jeopardy! Round:

Adriana Susan Kaitlin
$7,200 $3,000 $3,800

Double Jeopardy! Round responses

AROUND SCOTLAND
AMERICAN POETS
TILL DEATH DO US PART
NO. 1 ON THE BILLBOARD HOT 100
(Ken: You'll name the artist.)
FOREIGN WORDS & PHRASES
ANOTHER DAY IN PARASITES
    $400 7
Edinburgh

Kaitlin
    $400 6
Edna St. Vincent Millay

Adriana
    $400 26
Humphrey Bogart

Adriana
    $400 5
Drake

Adriana
    $400 24
slalom

Kaitlin
    $400 16
lice

Adriana
    $800 8
lochs

Kaitlin
    $800 21
Dickinson

Susan
    $800 27
(Kaitlin: Who is Truman?)
...
(Ken: Maybe a better story if it's Truman, but it's [*].)

Houdini

Kaitlin
Triple Stumper
    $800 4
Megan Thee Stallion

Kaitlin
    $800 25
operetta

Adriana
    $800 15
a different nest

Kaitlin
    $1200 17
the Highlands

Adriana
    $1200 20
Hughes

Susan
    $1200 28
Frida Kahlo

Kaitlin
    $1200 3
Kesha

Kaitlin
    $3,000 11
(Kaitlin: What is... um... vida? No.)

salud

Kaitlin
    $2,000 14
malaria

Kaitlin
    $1600 18
St. Andrews

Susan
    $1600 22
Ginsberg

Adriana
    $1600 29
Cleveland

Kaitlin
    $1600 2
[Susan added a "the" before the response.]

Barenaked Ladies

Susan
    $1600 9
schmaltz

Kaitlin
    $1600 13
ticks

Triple Stumper
    $2000 19
Angus

Triple Stumper
    $2000 23
Ezra Pound

Triple Stumper
    $2000 30
Myrlie Evers(-Williams)

Susan
    $2000 1
Jack Harlow

Triple Stumper
    $2000 10
an apparatchik

Triple Stumper
    $2000 12
trichinosis

Kaitlin

Scores at the end of the Double Jeopardy! Round:

Adriana Susan Kaitlin
$12,400 $10,200 $12,800

[wagering suggestions for these scores]

Final Jeopardy! Round responses

1960s AMERICA
(Ken: [To Susan] Wagered everything from third, probably the smart bet.)
...
(Ken: Adriana Harmeyer in second place for the first time in her entire run, did not have the lead heading into Final... the executive order establishing the President's Committee on Equal Employment Opportunity.)
SusanWhat is ?
$10,200
AdrianaWhat is Affirmative Action?
$8,100
KaitlinWhat is ?
$410
affirmative action

Final scores:

Adriana Susan Kaitlin
$20,500 $0 $12,390
13-day champion: $299,000 3rd place: $2,000 2nd place: $3,000

Game dynamics:

Coryat scores:

Adriana Susan Kaitlin
$12,000 $10,200 $15,000
19 R
(including 1 DD),
1 W
9 R,
0 W
21 R
(including 1 DD),
3 W
(including 1 DD)

Combined Coryat: $37,200

[game clues] [game scores] [suggest correction]

Game tape date: 2024-05-07
The J! Archive is created by fans, for fans. Scraping, republication, monetization, and malicious use prohibited; this site may use cookies and collect identifying information. See terms. The Jeopardy! game show and all elements thereof, including but not limited to copyright and trademark thereto, are the property of Jeopardy Productions, Inc. and are protected under law. This website is not affiliated with, sponsored by, or operated by Jeopardy Productions, Inc. Join the discussion at JBoard.tv.